Car Companies - Statistics

General Stats
  • This quiz has been taken 114 times
    94 since last reset
  • The average score is 26 of 57
Answer Stats
Answer % Correct
Ford
88%
Toyota
88%
Honda
82%
Lamborghini
81%
Volkswagen
79%
Ferrari
78%
Hyundai
78%
Mercedes-Benz
76%
Audi
74%
BMW
74%
Chevrolet
73%
Dodge
69%
Nissan
68%
Porsche
67%
Bugatti
59%
Kia
59%
Mazda
58%
Aston Martin
56%
Jeep
56%
Subaru
56%
Mitsubishi
55%
Fiat
55%
Lexus
54%
Bentley
53%
Tesla
51%
Alfa Romeo
49%
Volvo
49%
Jaguar
47%
Renault
47%
Mclaren
45%
Peugeot
42%
Land rover
41%
Mini
41%
GMC
40%
Cadillac
37%
Citroën
37%
Acura
36%
Skoda
33%
Buick
31%
Maseratti
31%
Infiniti
29%
Koenigsegg
28%
Pontiac
26%
Lotus
24%
Pagani
23%
Abarth
22%
Alpine
22%
Holden
22%
Hummer
18%
Lancia
18%
Vauxhall
18%
AMC
9%
Ariel
8%
Apollo
8%
Plymouth
6%
Alumicraft
1%
Sizuki
0%
No matching quizzes found
Score Distribution
Percent of People with Each Score
Percentile by Number Answered
Your Score History
You have not taken this quiz since the last reset